Loading...
| Current Events | 1 | 20.00 | 100% | 100% | 0% |
| Fine Arts - Classical Music | 4 | 15.00 | 100% | 25% | 25% |
| Fine Arts - Other | 6 | 15.00 | 100% | 33% | 17% |
| Fine Arts - Painting and Sculpture | 5 | 12.00 | 100% | 20% | 0% |
| Geography | 1 | 10.00 | 100% | 0% | 0% |
| History - American | 4 | 17.50 | 100% | 50% | 25% |
| History - European | 5 | 16.00 | 100% | 60% | 0% |
| History - Other | 4 | 15.00 | 100% | 25% | 25% |
| History - World | 5 | 14.00 | 100% | 40% | 0% |
| Literature - American | 4 | 10.00 | 75% | 0% | 25% |
| Literature - British | 7 | 11.43 | 100% | 14% | 0% |
| Literature - European | 6 | 13.33 | 83% | 33% | 17% |
| Literature - World | 5 | 14.00 | 100% | 40% | 0% |
| Mythology | 3 | 20.00 | 67% | 100% | 33% |
| Other Academic | 1 | 10.00 | 100% | 0% | 0% |
| Philosophy | 3 | 13.33 | 100% | 33% | 0% |
| Pop Culture | 1 | 10.00 | 100% | 0% | 0% |
| Religion | 6 | 11.67 | 100% | 17% | 0% |
| Science - Biology | 2 | 10.00 | 100% | 0% | 0% |
| Science - Chemistry | 2 | 10.00 | 50% | 50% | 0% |
| Science - Other | 3 | 10.00 | 100% | 0% | 0% |
| Science - Physics | 2 | 15.00 | 100% | 50% | 0% |
| Social Science | 2 | 10.00 | 100% | 0% | 0% |